Mega Click to Translate: Norwegian - Statistics

General Stats
  • This quiz has been taken 136 times
  • The average score is 48 of 75
Answer Stats
Hint Answer % Correct
Sweden Sverige
92%
iceberg isfjell
86%
bird fugl
84%
house hus
84%
and og
84%
yearly årlig
81%
bottle flaske
81%
raincoat regnfrakk
81%
water vann
81%
bear bjørn
78%
dog hund
78%
Germany Tyskland
78%
meat kjøtt
76%
woman kvinne
76%
country land
76%
food mat
76%
tuna tunfisk
76%
mountain fjell
73%
teacher lærer
73%
mother mor
73%
money penger
73%
swim svømme
73%
table bord
70%
build bygge
70%
gold gull
70%
head hode
70%
humanity menneskeheten
70%
castle slott
70%
sleep sove
70%
eat spise
70%
language språk
70%
hospital sykehus
70%
aunt tante
70%
play spille
68%
only bare
65%
leg bein
65%
ocean hav
65%
heavy tung
65%
again igjen
62%
bed seng
62%
forest skog
62%
road vei
62%
spider edderkopp
59%
shark hai
59%
towel håndkle
59%
jump hoppe
59%
run løpe
59%
magician tryllekunstner
59%
science vitenskap
59%
river elv
57%
feeling følelse
57%
rubber gummi
57%
remember huske
57%
lake innsjø
57%
funny morsom
57%
snake slange
57%
wildnerness villmark
57%
pencil blyant
54%
sweater genser
54%
know kjenne
54%
ham skinke
54%
invention oppfinnelse
51%
breathe puste
51%
outer ytre
51%
valley dal
49%
divine guddommelig
49%
desert ørken
49%
pretty pen
49%
meadow eng
46%
crime forbrytelse
43%
roof tak
43%
lose tape
43%
pile haug
35%
climb stige
35%
escape rømme
32%
No matching quizzes found
Score Distribution
Percent of People with Each Score
Percentile by Number Answered
Your Score History
You have not taken this quiz